Pays qui commencent par la lettre B - Statistiques

Statistiques générales
  • Ce quiz a été pris 1 769 fois
  • Le résultat moyen est 14 sur 18
Statistiques - réponses
Continent Pays % Correct
Europe Belgique
94%
Amérique Bolivie
89%
Europe Biélorussie
85%
Europe Bulgarie
84%
Asie Birmanie
82%
Amérique Brésil
82%
Asie Bhoutan
78%
Europe Bosnie-Herzégovine
76%
Afrique Bénin
75%
Afrique Botswana
75%
Asie Bangladesh
73%
Amérique Bahamas
71%
Amérique Belize
71%
Amérique Barbade
68%
Afrique Burkina Faso
68%
Afrique Burundi
66%
Asie Bahreïn
64%
Asie Brunei
62%
Aucun quiz correspondant
Distribution des résultats
% des personnes avec chaque résultat
Percentile par nombre de réponses
Votre historique - résultats
Vous n’avez pas pris ce quiz